| 000 | 02224nam0a2200469 4500 | ||
|---|---|---|---|
| 001 | RU\NLR\BIBL_A\022681223 | ||
| 005 | 20260310173923.0 | ||
| 010 |
_a978-5-6054501-3-9 _9400 |
||
| 021 |
_aRU _bКН-П-25-063185 _9КН-П-25-6117 |
||
| 035 | _a(NLR Aleph) 022681223 | ||
| 090 |
_a13632669 _c13632669 |
||
| 100 | _a20251205d2025 u y0rusy50 ca | ||
| 101 | 0 | _arus | |
| 102 | _aRU | ||
| 105 | _aа z 000gy | ||
| 181 | 0 |
_ai _baxxe |
|
| 182 | 0 | _an | |
| 200 | 1 |
_aПобеда нелегкой досталась ценой _eстихотворения балахнинских поэтов, членов литературного объединения "Родник" _e80-летию Победы в Великой Отечественной войне посвящается... _fредактор-составитель: А. В. Попов |
|
| 203 |
_aТекст _bвизуальный _cнепосредственный |
||
| 210 |
_aНижний Новгород _cКварц _d2025 |
||
| 215 |
_a139, [4] с., [8] л. цв. ил. _cил. _d23 |
||
| 606 | 1 |
_aВеликая Отечественная война _xв художественной литературе _z1941 - 1945 _91237620 _3RU\NLR\AUTH\66187768 |
|
| 606 | 1 |
_aВеликая Отечественная война _xДетские рисунки _z1941 - 1945 _92116385 _3RU\NLR\AUTH\661582020 |
|
| 686 | 1 | _aЧ421.385.354.11 | |
| 686 | 2 | _aШ6(2=Р)8-94 | |
| 686 | 2 | _aШ6(2=Р)8-5 | |
| 686 | 2 | _aШ6(2=Р)8-999 | |
| 686 | 2 | _aШ6(2=Р)8-98 | |
| 686 | 2 | _aШ6(2=Р)75-5ФилипповН.Н. | |
| 686 | 2 | _aШ6(2=Р)75-5РождественскаяМ.К | |
| 701 | 1 |
_4340 _7ca _8rus _aПопов _bА. В. _cпоэт _f1955- _gАлександр Всеволодович _9152022 _3RU\NLR\AUTH\770152060 |
|
| 712 | 0 | 2 |
_4570 _a"Родник", литературное объединение _cБалахна _9472801 _3RU\NLR\AUTH\880402914 |
| 942 | _cBOOK | ||
| 980 | _aNB | ||